MARC

LEADER 00000nab a2200000u 4500
001 vtls012151471
003 SK-MaSNL
005 20260318140516.0
008 221011|2022 xo ||||||| ||00 ||hun|
038 |a KEVKJB 
040 |a KEVKJB  |b slo  |e rda 
041 0 |a hun 
043 |a e-xo--- 
044 |a xo  |c SK 
072 7 |a 377  |x Odborné vzdelávanie  |2 konspekt 
080 |a 37.01/.09:62  |2 2011 
100 1 |a Balassa, Zoltán,  |d 1949-  |4 aut  |9 502859 
245 1 0 |a Százötven éves a kassai ipariskola, de vajon lesz-e jövője?  |c Balassa Zoltán 
300 |b Fotografie 
336 |a text  |b txt  |2 rdacontent 
337 |a bez média  |b n  |2 rdamedia 
338 |a zväzok  |b nc  |2 rdacarrier 
600 1 7 |a Albert, Sándor,  |d 1943-  |t A legenda nyomában. Százötven éves az ipari  |2 kevkjb  |9 1111782 
610 2 7 |a Stredná odborná škola technická a ekonomická Jozefa Szakkayho – Szakkay József Műszaki és Közgazdasági Szakközépiskola, Grešákova (Košice, Slovensko)  |2 kevkjb  |9 676007 
650 0 7 |a stredné odborné školy, maďarské  |2 kevkjb  |9 1111783 
651 7 |a Košice (Slovensko)  |2 SNKPHgeo  |9 18694 
773 0 |t Kassai Figyelő  |g Évf. XX, sz. 9 (2022), o. 14-15  |x 1339-0945 
852 |a KEVKJB  |b KIS3GCP 
856 4 1 |u https://felvidek.ma/2022/07/szazotven-eves-a-kassai-ipariskola-de-vajon-lesz-e-jovoje/ 
958 |a HU 
958 |a NM 
958 |a BC 
999 |c 1834449  |d 1836379